000 00365 a2200169 4500
001 175208
020 _a85-262-3978-3
040 _cMagnum
100 _aToscano, Carlos
240 1 0 _aFísica para o ensino médio
_lpor
245 1 0 _aFísica para o ensino médio
300 _a480
362 0 _a2003
440 1 _aScipione
697 _aFÍSICA
942 _cBK
999 _c175208
_d175208